Groups of Things - Harry Potter (part 5) - Statistics

General Stats
  • This quiz has been taken 32 times
  • The average score is 15 of 50
Answer Stats
Hint Answer % Correct
Death Eaters present at the graveyard Lucius Malfoy
91%
Slug Club members during Harry's studies Harry Potter
87%
Slug Club members during Harry's studies Ginny Weasley
83%
Slug Club members during Harry's studies Hermione Granger
83%
Death Eaters present at the graveyard Crabbe Senior
78%
Death Eaters present at the graveyard Goyle Senior
78%
Slug Club members during Harry's studies Cormac McLaggen
70%
Death Eaters present at the graveyard Peter Pettigrew
65%
Wizarding newspapers Daily Prophet
57%
Wizarding newspapers The Quibbler
52%
Death Eaters present at the graveyard Walden Macnair
48%
Slug Club members during Harry's studies Blaise Zabini
43%
Fat Lady's Passwords Fortuna Major
43%
G. Lockhart's publications Magical Me
43%
Slug Club members during Harry's studies Marcus Belby
43%
Death Eaters present at the graveyard Nott Senior
43%
Fat Lady's Passwords Caput Draconis
39%
G. Lockhart's publications Year with the Yeti
26%
Death Eaters present at the graveyard Avery
22%
G. Lockhart's publications Gadding with Ghouls
22%
G. Lockhart's publications Travels with Trolls
22%
G. Lockhart's publications Voyages with Vampires
22%
G. Lockhart's publications Wanderings with Werewolves
22%
Fat Lady's Passwords Wattlebird
22%
Fat Lady's Passwords Abstinence
17%
Fat Lady's Passwords Balderdash
17%
G. Lockhart's publications Break with a Banshee
17%
G. Lockhart's publications Holidays with Hags
17%
Fat Lady's Passwords Mimbulus Mimbletonia
17%
Fat Lady's Passwords Pig Snout
17%
G. Lockhart's publications Who Am I?
17%
Fat Lady's Passwords Banana Fritters
13%
Fat Lady's Passwords Baubles
13%
Fat Lady's Passwords Fairy Lights
13%
G. Lockhart's publications Gilderoy Lockhart's Guide to Household Pests
13%
G. Lockhart's publications Marauding with Monsters
13%
Fat Lady's Passwords Oddsbodikins
13%
Fat Lady's Passwords Tapeworm
13%
Wizarding newspapers Witch Weekly
13%
Fat Lady's Passwords Dilligrout
9%
Wizarding newspapers Evening Prophet
9%
Fat Lady's Passwords Flibbertigibbet
9%
Slug Club members during Harry's studies Melinda Bobbin
9%
Fat Lady's Passwords Quid Agis
9%
Wizarding newspapers Challenges in Charming
4%
Slug Club members during Harry's studies Flora Carrow
4%
Slug Club members during Harry's studies Hestia Carrow
4%
Wizarding newspapers Sunday Prophet
4%
Wizarding newspapers The Practical Potion
4%
Wizarding newspapers Transfiguration Today
4%
No matching quizzes found
Score Distribution
Percent of People with Each Score
Percentile by Number Answered
Your Score History
You have not taken this quiz